LEADER 00975nam2-22003251i-450- 001 990002043300403321 005 20090422152204.0 035 $a000204330 035 $aFED01000204330 035 $a(Aleph)000204330FED01 035 $a000204330 100 $a20030910d1937----km-y0itay50------ba 101 0 $ager 200 1 $aDiplopoda, Symphyla, Pauropoda, Chilopoda$eOberklasse, Progoneata$fKarl W. Verhoeff 210 $aLeipzig$cQuelle & Meyer$d1937 215 $a84 p.$d23 cm 225 1 $a<>Tierwelt Mitteleuropas$iWeichtiere, Krebstiere, Tausendfüssler$h3/a$v2 461 0$1001000202898 610 0 $aMyriapoda 610 0 $aDiplopoda 610 0 $aProgoneata 676 $a595.6 700 1$aVerhoeff,$bKarl W.$085318 801 0$aIT$bUNINA$gRICA$2UNIMARC 901 $aBK 912 $a990002043300403321 952 $a61 V E.8/38.2.3ABT$b600$fDAGEN 959 $aDAGEN 996 $aDiplopoda, Symphyla, Pauropoda, Chilopoda$9406986 997 $aUNINA